Statistics for Sabaton lyrics quiz

Click here to take the quiz!

General Stats

  • This quiz has been taken 1,856 times
  • The average score is 8 of 15

Answer Stats

HintAnswer% Correct
Through the gates of Hell! As we make our way to heaven, through the nazi lines! ______________!Primo victoria
86%
THEY ARE THE PANZER ELITE, BORN TO COMPETE, ________________________!Never retreat
82%
I was chosen by heaven! ______________ when you pray to the skies, see Carolus rise!Say my name
70%
You're in the sniper's sight! The first kill tonight! Time to die! You're in the bullet's way, the white death's prey! __________________!Say goodbye
54%
There is no enemy! _____________________! Only boys will lose their lives in the sand.There is no victory
54%
Warsaw! City at war! Voice of the undergrounds, whispers of freedom, rise up and hear the call: ______________________ WARZAWO, WALCZ!History calling to you
53%
Swedish pagans marching ashore! Forged in Valhalla ___________________!By the hammer of Thor
52%
From down below an enemy spotted, so hurry up, _____________________.Rearm and refuel
50%
In the skies above the isle, ____________________ prevail!Aces in exile
49%
Call to arms banners fly in the wind for the glory of Hellas. Coat of arms reading freedom or death, ______________________________.Blood of king Leonidas
47%
Above the surface it seems quiet and calm... Deep down below _________________.The wolfpack lurks
47%
Stories of old, truth unfolds, control over Europe he holds! Freedom he'll bring, _________________.Lion and king
46%
One by one, the Saxons disband, or _______________!Die where they stand
26%
See the caroleans standing tall, all for one and one for all! Enemies fall at their feet, _______________________.Begging for their mercy
25%
(Poltava!) Rode to certain death and pain (Poltava!) ____________________________ (Poltava!) Sacrificed their lives in vain! Poltava!Swedish soldiers met their bane
25%

Score Distribution

Percentile by Number Answered

Percent of People with Each Score

Your Score History

You have not taken this quiz